000
00293nam a2200109Ia 4500
008
220204s9999 xx 000 0 und d
082
_a
012.5430556
_b
WIN
100
_a
Winter, B J
245
0
_a
Continuities in the sociology of religion
260
_a
New York
_b
Harper & Row
_c
1977
942
_c
BK
999
_c
29176
_d
29176